000 00546nam a22001817a 4500
008 131202b xxu||||| |||| 00| 0 eng d
020 _a9789951506052
041 0 _aalb
080 _a342
_x(496.51)
245 1 0 _aIdentiteti Evropian i Kosoves :
_c Forum 2015.
260 _aPrishtinë :
_bForum 2015 ;
_c2007.
300 _a170 f. ;
_c24 cm.
505 _aBibliografia : f. 165
650 0 _aIdentiteti
650 0 _aEvropë
650 0 _aKosova
942 _2udc
_cBK
999 _c384
_d384